| 000 | 00931nam a22002177a 4500 | ||
|---|---|---|---|
| 999 |
_c1474 _d1474 |
||
| 003 | AR-CdUCM | ||
| 008 | 190227b ||||| |||| 00| 0 spa d | ||
| 040 |
_aMUNICIPALIDAD PROVINCIAL DEL CUSCO _cBIBLIOTECA MUNICIPAL DEL CUSCO |
||
| 082 |
_22ed. _a323 / _bM37 |
||
| 100 |
_aMehden, Fred R. van der _95598 |
||
| 245 | _aPolítica de de las naciones en vías de desarrollo / | ||
| 260 |
_aMadrid : _bTecnos , _c1970. |
||
| 300 |
_a164 páginas ; _c22 cm. |
||
| 440 |
_aColección de ciencias sociales / serie de ciencia política _95599 |
||
| 505 | _aLa herencia colonial -- En busca de la identidad nacional -- Partidos políticos en las naciones en vías de desarrollo -- Élites políticas en las naciones en vias de desarrollo... | ||
| 650 |
_aNaciones en vías de desarrollo. _95600 |
||
| 650 |
_aPolítica de naciones. _95601 |
||
| 650 |
_aidiología de desarrollo. _95602 |
||
| 942 |
_2ddc _cLIBROS |
||
| 945 |
_awfj _d2019-02-27 |
||